00978nam a2200265Ia 4500003000400000005001700004008004100021020001500062040001800077041000800095082002600103100002800129245010600157250000600263260004400269300002400313650003600337650007000373650003500443700003200478700002900510942003000539999001900569952012400588OSt20220215101815.0210716s2009 xx 000 0 und d a8129704102 cAIMIT LIBRARY aeng a519.5 LEVD23rdbLEVD aLevine, David M.919889 aBusiness statistics:bfirst course /cBy David M. Levine; Timothy C. Krehbiel and Berenson, Mark L. a3 aNew Delhi :bPearson Education ,c2009. axx,731 p. ;c25 cm. aSimple linear regression919890 aSampling distributions and confidence interval estimation919891 aTime series forecasting919892 aKrehbiel, Timothy C.919893 aBerenson, Mark L.919894 2ddccBKe3rd k519.5 LEVD c199242d199242 001040708MBAaAIMITbAIMITd2005-08-16g395.00l0o519.5 LEVDpMBA01807r2026-05-23 00:00:00v316.00w2021-07-16yBK